000 00345nam a2200145Ia 4500
100 _aMoseley/L.E./ Boodey/D.M.
942 _cBK
654 _aComputer
245 _aMastering Microsoft office professional for Windows 95
260 _bnone
_aDelhi
_c1996
082 _a5.43
_bmos/boo
300 _a1083
546 _aENGLISH
999 _c29931
_d29931